Report of the minimum wages advisory committee (Record no. 495951)

000 -LEADER
fixed length control field 00384cam a22001097a 4500
008 - FIXED-LENGTH DATA ELEMENTS--GENERAL INFORMATION
fixed length control field 180718b1958 xxu||||| |||| 00| 0 eng d
082 ## - DEWEY DECIMAL CLASSIFICATION NUMBER
Classification number R23x5422 M264t
245 ## - TITLE STATEMENT
Title Report of the minimum wages advisory committee
Statement of responsibility, etc. by Minimum Wages Advisory Committee
260 ## - PUBLICATION, DISTRIBUTION, ETC.
Place of publication, distribution, etc. Indore
Name of publisher, distributor, etc. Government of Madhya Pradesh
Date of publication, distribution, etc. 1958
300 ## - PHYSICAL DESCRIPTION
Extent 40p
700 ## - ADDED ENTRY--PERSONAL NAME
Personal name Madhya Pradesh. Minimum Wages Advisory Committee
Holdings
Withdrawn status Lost status Damaged status Not for loan Permanent Location Current Location Date acquired Full call number Barcode Date last seen Price effective from Koha item type
        Indian Institute of Public Administration Indian Institute of Public Administration 2018-08-04 R23x5422 M264t GG18324 2018-08-04 2018-08-04 GG

Powered by Koha